Big Business

में बचाया:
ग्रंथसूची विवरण
मुख्य लेखक: Case, Cameron
स्वरूप: पुस्तक
भाषा:अंग्रेज़ी
प्रकाशित: London
टैग: टैग जोड़ें
कोई टैग नहीं, इस रिकॉर्ड को टैग करने वाले पहले व्यक्ति बनें!

MARC

LEADER 00000nam a2200000 4500
001 CDOM0000003711
003 mi
005 20250913232505.0
008 250913b |||||||| |||| 00| 0 eng d
040 |c mi 
100 |a Case, Cameron 
245 1 |a Big Business  
260 |a London 
942 |2 ddc  |c BK 
952 |0 0  |1 0  |2 ddc  |4 0  |7 0  |9 6933  |a MI  |b MI  |d 2009-08-19  |i 5417  |l 0  |p CDOM5417  |r 2025-07-13 16:28:00  |w 2025-07-13  |x DONO  |y BK 
999 |c 5658  |d 5658